| 000 | 01251nam a2200289 a 4500 | ||
|---|---|---|---|
| 001 | 25909 | ||
| 003 | CO-ViMGA | ||
| 005 | 20230915232138.0 | ||
| 008 | 141112s2004 ck r 000 u spa d | ||
| 020 | _a9786071507570 | ||
| 035 | _aAHU9745 LA | ||
| 040 |
_aCO-ViMGA _bspa _cCO-ViMGA |
||
| 041 | _aspa eng | ||
| 082 | 0 | 4 | _a658.4 T46a18 |
| 100 | 1 |
_aThompson, Arthur A., 1940 - _940418 |
|
| 245 | 1 | 0 |
_aAdministración estratégica : _btextos y casos / _cArthur A.Thompson, Margaret A. Peteraf, A. J. Strickland III ; traducción Ricardo Martin Rubio Ruiz, Jose Francisco Javier Davila Martinez ; revisión técnica Gil Armando Sanchez Soto, Maria Eloisa Treviño Ayala, Elvira Anzola Gonzalez |
| 250 | _a18a. ed. | ||
| 260 |
_aMéxico : _bMc Graw - Hill, _c2012. |
||
| 300 | _axvi, 408p. : il. ; 27 cm. | ||
| 500 | _aIncluye índice. | ||
| 650 | 1 | 4 |
_aPlanificación empresarial - Estudio de casos. _940419 |
| 700 | 1 |
_aStrickland, A. J. _940420 |
|
| 942 |
_2ddc _cBK |
||
| 949 | _an n | ||
| 999 |
_c33146 _d33146 |
||